Právní ochrana při elektronickém platebním styku v zemích EU

Európska harmonizácia elektronických platieb. Ochrana spotrebiteľa pri elektronických platbách. Vzťahy medzi subjektami elektronickej transakcie (vydavatelia platobných kariet a obchodníci). Ochrana klientov v českom práve.

Na minha lista:
Detalhes bibliográficos
Autor principal: Tomášek, M.
Formato: Capítulo de Livro
Idioma:tcheco
Assuntos:
Tags: Adicionar Tag
Sem tags, seja o primeiro a adicionar uma tag!

MARC

LEADER 00000naa a2200000 4500
001 r028012
005 20230908085843.4
041 0 |a cze 
044 |a CZ 
245 1 0 |a Právní ochrana při elektronickém platebním styku v zemích EU  |c M. Tomášek 
520 |a Európska harmonizácia elektronických platieb. Ochrana spotrebiteľa pri elektronických platbách. Vzťahy medzi subjektami elektronickej transakcie (vydavatelia platobných kariet a obchodníci). Ochrana klientov v českom práve. 
610 2 0 |a styk platobný bezhotovostný 
610 2 0 |a karty platobné 
610 2 0 |a ochrana právna 
610 2 0 |a Európska únia 
610 2 0 |a ochrana spotrebiteľa 
610 2 0 |a Česko 
100 1 |a Tomášek, M.